000 00350nam a22001337a 4500
020 _a9788120313750
040 _cNust
082 _a621.4021
_bGRo'B
245 _aBasic television and video systems
250 _a5th edition
260 _aNew York:
_bMcGraw-Hill,
_c1985.
650 _aBasic television and video systems
_9127635
942 _2ddc
_cBK
999 _c612706
_d612706